Creatividad=capital: segundo encuentro iberoamericano de arte, trabajo y economía

Segundo Encuentro Iberoamericano de Arte, Trabajo y Economía CREATIVIDAD=CAPITAL Con el afay#769;n de continuar y profundizar la reflexioy#769;n en torno a las relaciones entre arte y economiy#769;a proponemos en el 2012, como tema central, la posibilidad de potenciar la creatividad como un capital...

Descripció completa

Dades bibliogràfiques
Autor corporatiu: Facultad Latinoamericana de Ciencias Sociales
Format: Paquet
Idioma:Spanish
Matèries:

MARC

LEADER 00000nsc a2200000 a 4500
001 si4269
003 Ucuenca
005 20230308221608.0
008 015120|2013 ||||||||r|||||||||||spa||
020 |a 9789942074607 
040 |b spa 
041 0 |a es 
082 0 |a 701.15 
110 2 |a Facultad Latinoamericana de Ciencias Sociales.  |g FLACSO  |z Ecuador  |9 197494 
245 |a Creatividad=capital: segundo encuentro iberoamericano de arte, trabajo y economía  |c Coordinador Marcelo Aguirre, Editora Paulina León  |h imp 
264 |a Quito  |b FLACSO  |c 2013 
300 |a 164 páginas:  |b ilu  |c 21 cm 
520 3 |a Segundo Encuentro Iberoamericano de Arte, Trabajo y Economía CREATIVIDAD=CAPITAL Con el afay#769;n de continuar y profundizar la reflexioy#769;n en torno a las relaciones entre arte y economiy#769;a proponemos en el 2012, como tema central, la posibilidad de potenciar la creatividad como un capital no solo simboy#769;lico sino tambiey#769;n econoy#769;mico. Como leitmotiv de este encuentro tenemos CREATIVIDAD = CAPITAL, enuncia- do expuesto por el artista alemay#769;n Joseph Beuys, como parte de su teoriy#769;a ?escultura social? (Soziale Plastik), en la que ampliy#769;a las nociones del arte y establece que cada persona puede contribuir de forma creativa para el beneficio de la comunidad y, por lo tanto, influenciar en la sociedad. En este contexto, establece que el dinero no es el capital, sino la capacidad creativa es el verdadero capital. Con el objetivo de que las pray#769;cticas artiy#769;sticas contemporay#769;neas y la economiy#769;a, entren en un diay#769;logo directo y horizontal, se establecieron durante el Encuentro dos ejes de trabajo interconectados entre siy#769;: las Mesas Redondas y la Botica de Proyectos 
650 |a Arte moderno - catalogos  |9 225077 
650 |a Catalogo de arte moderno  |9 225078 
650 |a Creatividad capital  |9 225079 
852 |a UC-YANUNCAY  |f Donación  |l 1  |m General  |p 20151203  |q 1.00  |r 2  |t si4269  |b 0  |d CDRY  |e CDRY  |g 701.03 ESTANTERIA ABIERTA  |z 2015-51-20 
942 |c BK  |2 ddc 
999 |c 137506  |d 137506